00297nam a2200097Ia 4500008004100000041000800041100002800049245007200077260003100149999001900180241105s9999 xx 000 0 und d aeng aChaudhari Divya9184171 aData Driven Investigation Thermal Comfort In An Informal Settlement bBNCA M Arch EA, Punec2021 c362012d362012